| 000 | 01737nam a2200445 i 4500 | ||
|---|---|---|---|
| 001 | 47126 | ||
| 003 | ES-MaCES | ||
| 005 | 20160224135304.0 | ||
| 008 | 160223s2015 sp | ||||o000 0|spa | | ||
| 017 |
_aM 33634-2015 _bDL |
||
| 020 | _a9788473515016 | ||
| 020 | _a9788473515023 (formato electrónico) | ||
| 024 | 7 |
_a635-15-070-4 _2nipo |
|
| 024 | 7 |
_a635-15-071-X (formato electrónico) _2nipo |
|
| 040 |
_aES-MaCES _bspa _cES-MaCES _erdc |
||
| 245 | 0 | 0 |
_aRetos y desafíos en materia de discapacidad _b: una visión multidisciplinar _cAna Isabel Luaces Gutiérrez (dir.) ; Jesús Gómez Garzás ... [et al.] |
| 250 | _a1ª ed | ||
| 260 |
_aMadrid _bInstituto Nacional de Administración Pública _c2015 |
||
| 300 |
_a172 p. _bgráf. bl. y n. _c24 cm |
||
| 490 | 1 | _aInnap investiga. Serie Innovación social | |
| 504 | _aBibliografía | ||
| 541 | 0 | _cGratuito | |
| 650 | 4 |
_apersona con discapacidad _928689 |
|
| 650 | 4 |
_apersonas de edad avanzada _928521 |
|
| 650 | 4 |
_apolítica gubernamental _927211 |
|
| 650 | 4 |
_aintegración de las personas con discapacidad _929681 |
|
| 650 | 4 |
_adiscriminación contra personas con discapacidad _929672 |
|
| 650 | 4 |
_aderechos de las personas con discapacidad _929698 |
|
| 650 | 4 |
_aderecho penal _927159 |
|
| 650 | 4 |
_arégimen jurídico _929894 |
|
| 650 | 4 |
_aEspaña _926964 |
|
| 650 | 4 |
_ainvestigación interdisciplinaria _928841 |
|
| 653 | _aAsuntos Sociales | ||
| 700 | 1 |
_936504 _aLuaces Gutiérrez, Ana Isabel _edir. |
|
| 700 | 1 |
_936505 _aGómez Garzás, Jesús |
|
| 710 | 2 |
_94265 _aInstituto Nacional de Administración Pública (España) _eed. |
|
| 830 | 0 |
_936489 _aColección INNAP Investiga _pSerie Innovación social |
|
| 902 | _aLIB Libro | ||
| 942 |
_2CES _cBK _h3.3. |
||
| 999 |
_c47126 _d47126 |
||